[Event "Al Mahmud Memorial Probashi Chess-ch 202"]
[Site "Dhaka"]
[Date "2022.02.08"]
[Round "4.6"]
[White "Gias Uddin, Ahmed"]
[Black "Nayem, Haque"]
[Result "1/2-1/2"]
[WhiteElo "1801"]
[BlackElo "2150"]
[Annotator "TA"]
[PlyCount "50"]
[EventDate "2022.02.06"]
[EventCountry "BAN"]
[SourceTitle "playchess.com"]
[Source "ChessBase"]
[SourceQuality "1"]

{[%evp 16,50,-2,-4,11,-7,-6,-7,-10,-8,2,2,0,8,46,-42,-22,-22,-32,-21,-31,-38,-33,-33,-32,-37,-21,-27,-18,-21,-18,-21,-8,-10,590,-5512,-2338]} 1. e4 e5 2. Nf3 Nc6 3. Nc3 Nf6 4. Bc4 Bc5 5. d3 d6 6. Bg5 h6 7. Bh4 Bg4 8. h3 Bxf3 9. Qxf3 g5 {[#] aiming for ...Nd4. C50: Hungarian Defence and Giuoco Pianissimo.} (9... Nd4 $5 10. Qd1 O-O $11) 10. Nd5 (10. Bg3 {is more complex.} Nd4 11. Qd1 c6 12. Ne2 b5 13. Bb3) 10... Nxd5 11. Bxd5 {[%csl Gd5][%cal Rf3f7]} Qe7 {The position is equal.} 12. Bg3 Nd4 {[%csl LRc2,LRf3]} 13. Qd1 {Threatening c3.} c6 14. Bc4 {[#]} d5 $146 ({Predecessor:} 14... O-O-O 15. c3 Ne6 16. Qa4 h5 17. d4 exd4 18. cxd4 Nxd4 19. O-O b5 20. Qa6+ Kb8 {1-0 (61) Wolff,C (1824)-Haertel,L (1437) Playchess.com INT 2020}) 15. Bb3 (15. exd5 $14 cxd5 16. Bxd5) 15... f5 16. Qh5+ Qf7 17. Qxf7+ Kxf7 18. exf5 Nxf5 19. c3 Nxg3 (19... Rae8 {feels hotter.} 20. Bh2 h5 21. Bd1 Kf6 22. O-O Bd6) 20. fxg3 Kg7 21. Ke2 Rae8 22. g4 Rhf8 {[#] Threatens to win with ...Rf2+.} 23. Rhf1 {Inhibits Rf2+.} Rf4 24. g3 Rf3 {[%mdl 8192]} 25. Rf2 $4 {[%mdl 8192]} Rxf2+ {[%mdl 32768] Weighted Error Value: White=0.62/Black=0.59. An unexpected result.} 1/2-1/2

[Event "Al Mahmud Memorial Probashi Chess-ch 202"]
[Site "Dhaka"]
[Date "2022.02.08"]
[Round "4.7"]
[White "Islam, Mohammad Aminul"]
[Black "Zia, Tahsin Tajwar"]
[Result "1/2-1/2"]
[WhiteElo "2093"]
[BlackElo "2283"]
[Annotator "TA"]
[PlyCount "127"]
[EventDate "2022.02.06"]
[EventCountry "BAN"]
[SourceTitle "playchess.com"]
[Source "ChessBase"]
[SourceQuality "1"]

{[%evp 9,127,28,31,8,1,-14,14,8,13,-15,7,8,7,0,0,0,0,-8,-6,-12,-23,-21,-7,-39,-37,-38,-38,-45,-52,-52,-53,-52,-46,-55,-47,-64,-52,-46,-47,-121,-126,-118,-64,-63,-50,-65,-42,-42,-42,-42,0,-45,-19,-40,-16,-29,-22,-72,-72,-72,-72,-79,-79,-79,-79,-79,-79,-79,-79,-79,-72,-79,-72,-79,-72,-72,-72,-79,-79,-79,-79,-79,-79,-79,-72,-72,-29,-37,-37,-72,-37,-37,0,-72,-72,-72,-29,-37,-37,-37,-37,-37,-37,-37,-22,-22,0,0,0,0,0,0,0,0,0,-12836,-12836,-12836,-11339,-12842]} 1. Nf3 d5 2. g3 Nd7 3. d4 Nb6 4. Bg2 Bf5 5. a4 a5 6. Bf4 {D02: 1 d4 d5 2 Nf3 sidelines, including 2...Nf6 3 g3 and 2...Nf6 3 Bf4.} e6 7. Nbd2 Nf6 8. O-O {The position is equal.} h6 9. b3 {[#]} Ne4 $146 ({Predecessor:} 9... Bd6 10. Bxd6 cxd6 11. c4 O-O 12. Nh4 Bh7 13. cxd5 Nfxd5 14. e4 Nc3 15. Qf3 Rc8 {0-1 (43) Lavrov,M (2398)-Visakh,N (2522) Chess.com INT 2022}) 10. Nxe4 dxe4 11. Nd2 Qxd4 12. Nxe4 O-O-O 13. Qd3 Qxd3 14. cxd3 Nd5 15. Bd2 Bb4 16. Rfd1 e5 17. Rac1 b6 {Inhibits Nc5.} 18. Bxb4 Nxb4 19. Nd2 f6 20. Nc4 {Hoping for Nxb6+.} Kb8 21. Rd2 Rd4 22. Rb2 Rhd8 23. Ne3 Be6 24. Nc2 (24. Be4 $15) 24... Nxc2 $17 25. Rcxc2 c5 ({Black should try} 25... R8d6 $17) 26. Bc6 $1 $15 h5 {[%cal Bh6h5,Bh5h4][%mdl 32]} 27. Bb5 h4 28. f3 g5 29. Bc4 Bc8 (29... Bg8 $15 {deserves consideration.}) 30. Kf2 (30. e3 $11 {is superior.} R4d6 31. gxh4) 30... hxg3+ 31. hxg3 Rh8 32. g4 Rdd8 33. e4 (33. Kg3 $1 $11 {remains equal.}) 33... Rh3 $17 34. Kg2 Rdh8 35. Rf2 Rh1 36. Rbd2 Kc7 37. Rb2 Kd6 38. Rbd2 Bd7 39. Rb2 R8h3 40. Rbd2 {[%cal Od2d1]} Be6 41. Rb2 Ke7 42. Rbd2 Rh4 43. Rb2 Kd6 44. Rbd2 Bc8 45. Rb2 Bd7 46. Rbd2 Be6 47. Rb2 Rc1 (47... R1h2+ $17 48. Kf1 Rh1+ 49. Ke2 Rg1) 48. Rfc2 Ra1 49. Ra2 Rb1 (49... Rah1 $5 {[%cal Rh4h2]} 50. Rf2 Rh7 $17) 50. Rab2 Rbh1 51. Rf2 $1 Ke7 52. Rbd2 Rb1 (52... R4h3 $17) 53. Rf1 {[#]} Rh2+ $1 54. Kxh2 (54. Kg3 Rxd2) 54... Rxf1 $15 {[%mdl 4096] Endgame KRB-KRB} 55. Kg2 Rb1 56. Kf2 $1 Bxc4 57. bxc4 {KR-KR} Ra1 58. Rb2 Rxa4 {Threatens to win with ...Rb4.} 59. Rxb6 Ra2+ 60. Ke3 a4 61. Rc6 a3 {White must now prevent ...Ra1.} 62. Rxc5 $2 {[%mdl 8192] [#]} (62. Ra6 $11) 62... Ra1 $1 $19 63. Ra5 a2 64. Rxa2 {[%mdl 32768] Weighted Error Value: White=0.17 (very precise) /Black=0.09 (flawless) . An unexpected result.} 1/2-1/2

[Event "Al Mahmud Memorial Probashi Chess-ch 202"]
[Site "Dhaka"]
[Date "2022.02.08"]
[Round "4.8"]
[White "Manon, Reja Neer"]
[Black "Ghosh, Chanchal Kumer"]
[Result "1-0"]
[WhiteElo "2209"]
[BlackElo "2074"]
[Annotator "TA"]
[PlyCount "51"]
[EventDate "2022.02.06"]
[EventCountry "BAN"]
[SourceTitle "playchess.com"]
[Source "ChessBase"]
[SourceQuality "1"]

{[%evp 19,51,0,16,-20,0,0,0,0,0,19,59,41,146,135,141,147,120,88,101,92,92,84,402,381,380,360,551,491,601,596,570,575,547,536]} 1. e4 c5 2. Nf3 d6 3. d4 cxd4 4. Nxd4 Nf6 5. Nc3 a6 6. Be2 e5 7. Nb3 Be7 8. O-O Be6 9. f4 Qc7 10. Be3 Nbd7 11. Qe1 {B92: Sicilian Najdorf: 6 Be2.} exf4 12. Rxf4 Ne5 {[#]} 13. Qg3 $146 {The position is equal.} ({Predecessor:} 13. Nd4 Rc8 14. Qg3 O-O 15. Raf1 Qd8 16. Kh1 b5 17. a3 Re8 18. Bg1 Kh8 19. Nf5 {1-0 (80) Rogachev,V (2147)-Quizielvu,M (1891) ICCF email 2013}) 13... Ng6 14. Rff1 Nd7 15. Nd4 Nde5 ({Better is} 15... O-O $14) 16. Nf5 $1 $16 Bf6 17. Rad1 O-O 18. h4 {Hoping for h5. White is much more active. Black has bad knights.} (18. Nxd6 $2 Bh4 19. Nd5 Bxd5 $19) 18... Nc4 19. Bd4 (19. Nxd6 $2 Be5 20. Qf2 Nxe3 21. Qxe3 Bxd6 $19) 19... Bxd4+ 20. Rxd4 {And now h5 would win.} Bxf5 $4 {[%mdl 8192] Black cannot hold the game after this.} (20... Nxb2 $16 21. h5 (21. Rxd6 Rfe8 $11) 21... Qc5 $1 22. hxg6 Bxf5 23. Qxd6 Qxc3 24. exf5 (24. gxf7+ Rxf7 25. exf5 Kh8 $11) 24... Qe3+ 25. Rf2 fxg6) 21. exf5 $18 {[%cal Be4f5,Bf5f6][%mdl 32]} (21. Rxf5 {[#]} Qb6 $1 22. Qf2 Nce5 $15) (21. Bxc4 Be6 22. Bb3 (22. Bxe6 fxe6 23. Rxf8+ Rxf8 $11) 22... Ne5 $11) 21... Qc5 22. Qf2 Nge5 (22... Nce5 {keeps fighting.} 23. fxg6 fxg6) 23. f6 {White is clearly winning.} ({Weaker is} 23. Rxc4 Nxc4 24. Qxc5 dxc5 $16) 23... g6 24. Ne4 ({Less strong is} 24. Rxc4 Nxc4 25. Qxc5 dxc5 $16) 24... Qb6 25. Bxc4 Nxc4 26. Rxc4 {Weighted Error Value: White=0.08 (flawless) /Black=0.67} 1-0

[Event "Al Mahmud Memorial Probashi Chess-ch 202"]
[Site "Dhaka"]
[Date "2022.02.08"]
[Round "4.9"]
[White "Shawket Bin, Osman Shaon"]
[Black "Ahmed, Sheikh Nasir"]
[Result "0-1"]
[WhiteElo "2065"]
[BlackElo "2168"]
[Annotator "TA"]
[PlyCount "96"]
[EventDate "2022.02.06"]
[EventCountry "BAN"]
[SourceTitle "playchess.com"]
[Source "ChessBase"]
[SourceQuality "1"]

{[%evp 9,96,15,22,13,17,16,33,8,8,-7,0,-18,-15,-20,-12,-12,-17,-24,-2,-36,25,-33,-13,0,-16,-30,-12,-10,-7,-43,-44,-44,-38,-45,-44,-45,-44,-45,-20,-14,0,-5,-6,-32,-33,-37,-25,-42,0,-57,-50,-64,-58,-73,-73,-73,-72,-97,-97,-121,-117,-117,-117,-136,-127,-193,-186,-370,-364,-749,-742,-1275,-1062,-7312,-6103,-12795,-12286,-8742,-6753,-6584,-6397,-5687,-5285,-6087,-5065,-2227,-2155,-1689,-1541]} 1. d4 Nf6 2. c4 e6 3. Nf3 Bb4+ 4. Bd2 a5 5. e3 O-O 6. Bd3 {E11: Bogo-Indian.} d6 7. O-O Bxd2 8. Nbxd2 {White is slightly better.} Qe7 9. e4 e5 10. d5 Na6 11. Re1 Nh5 12. Bf1 Nf4 {[#]} 13. Re3 $146 ({Predecessor:} 13. Nb1 f5 14. Nc3 Nc5 15. Qd2 Qf6 16. b3 fxe4 17. Nxe4 Nxe4 18. Rxe4 Bg4 19. Ne1 {0-1 (31) Tan,L (1861)-Mas,H (2355) Penang 2012}) 13... f5 14. a3 {[%cal Ob2b4]} Bd7 ({Black should try} 14... Nc5 $15) 15. exf5 (15. b4 $11) 15... Bxf5 $15 16. Nd4 Bd7 17. Ne2 Qf6 18. Ne4 Qg6 19. f3 Bf5 {aiming for ...Nh3+.} 20. Nxf4 exf4 21. Re1 Bxe4 22. Rxe4 Nc5 {To avoid Re6} 23. Re7 Rf7 24. Rxf7 Qxf7 25. b4 $1 Nd7 26. Qd4 Qf6 $36 {[%mdl 2048] Black is more active.} 27. Qxf6 Nxf6 {[%mdl 4096] Endgame KRB-KRN} 28. Rb1 Nd7 (28... axb4 $15 {is more appropriate.} 29. axb4 Ra3) 29. Rb2 (29. c5 $11) 29... b6 30. Kf2 Kf7 31. Be2 Kf6 {Black keeps a firm grip on the game.} 32. g3 g5 33. gxf4 gxf4 34. Rb1 axb4 35. axb4 Ra2 36. Kf1 h6 37. h3 (37. Rd1 $17 {is a better defense.}) 37... Kg5 {White must now prevent ...Kh4.} 38. Re1 $2 (38. Kf2) 38... Kh4 $19 39. Bd1 $2 (39. Kf2 Ne5 40. Rb1) 39... Ne5 {Black is clearly winning.} 40. c5 Kxh3 41. Rxe5 dxe5 {KR-KB} 42. d6 cxd6 {[#] ( -> ...Ra1)} 43. c6 Ra1 44. Ke2 Rc1 {Threatens to win with ...h5.} 45. Ba4 Kg3 46. Kd2 {[#]} Rxc6 $3 {[%mdl 512]} 47. Bxc6 h5 48. Ke2 Kg2 {Weighted Error Value: White=0.71/Black=0.22 (precise)} ({Weaker is} 48... h4 49. Kf1 $11) 0-1

[Event "Al Mahmud Memorial Probashi Chess-ch 202"]
[Site "Dhaka"]
[Date "2022.02.08"]
[Round "4.10"]
[White "Sadnan Hasan, Dihan"]
[Black "Priyanshu Barua"]
[Result "1-0"]
[WhiteElo "2152"]
[BlackElo "1573"]
[Annotator "TA"]
[PlyCount "60"]
[EventDate "2022.02.06"]
[EventCountry "BAN"]
[SourceTitle "playchess.com"]
[Source "ChessBase"]
[SourceQuality "1"]

{[%evp 16,60,0,-12,-1,-7,0,-6,20,24,20,0,4,-29,41,42,33,39,39,47,31,47,60,0,63,80,71,56,94,50,70,70,81,98,205,202,990,967,1019,1028,1016,1018,5722,5677,29991,29988,29990]} 1. e4 c5 2. Nf3 Nc6 3. g3 g6 4. Bg2 Bg7 5. O-O e6 6. d3 Nge7 7. c3 O-O 8. Be3 b6 9. Qc1 Ba6 {A04: Unusual lines after 1 Nf3 and King's Indian Attack.} 10. Rd1 Rc8 11. Bh6 f6 {The position is equal.} 12. Bxg7 Kxg7 {[#]} 13. Qe3 $146 ({Predecessor:} 13. Na3 d5 14. Nc2 d4 15. c4 Qd6 16. Re1 e5 17. Qd2 Rc7 18. Nh4 Bc8 19. f4 {½-½ (46) Madar,M (2032)-Ambrozi,P (1959) Slovakia 2019}) 13... d5 14. Qe1 dxe4 ({Black should try} 14... e5 $11) 15. dxe4 $14 Qc7 16. Bh3 Rcd8 17. Bxe6 Rxd1 18. Qxd1 Rd8 19. Qe1 ({Better is} 19. Nbd2 $14) 19... Ne5 ({Black should play} 19... Qd6 $11 20. Bb3 g5) 20. Nxe5 (20. Nbd2 {feels hotter.} Qd6 21. Bb3 g5 22. Rb1 Nd3 23. Qe3) 20... Qxe5 21. Bb3 Bb7 22. Bc2 ({Stronger than} 22. Nd2 {[#]} Rxd2 $1 {[%mdl 512]} 23. Qxd2 Qxe4 $17) (22. Na3 $16) 22... Qh5 23. Nd2 Nc6 24. f4 {To avoid Ne5} f5 (24... g5 $16) 25. exf5 $18 Rxd2 $2 (25... gxf5 26. Qf2 Qf7) 26. Qxd2 Nd4 27. cxd4 {[#] Threatening mate with Qe3.} Qf3 {To avoid Qe3} 28. d5 Kh6 29. Rf1 Qh5 30. Rd1 Kg7 {Weighted Error Value: White=0.08 (flawless) /Black=0.59} 1-0

[Event "Al Mahmud Memorial Probashi Chess-ch 202"]
[Site "Dhaka"]
[Date "2022.02.09"]
[Round "5.2"]
[White "Ikramul, Haq Siam"]
[Black "Abu Sufian, Shakil"]
[Result "1/2-1/2"]
[WhiteElo "2075"]
[BlackElo "2232"]
[Annotator "TA"]
[PlyCount "39"]
[EventDate "2022.02.06"]
[EventCountry "BAN"]
[SourceTitle "playchess.com"]
[Source "ChessBase"]
[SourceQuality "1"]

{[%evp 21,24,66,95,76,125]} 1. e4 c5 2. Nf3 d6 3. d4 cxd4 4. Nxd4 Nf6 5. Nc3 g6 6. Be3 Bg7 7. f3 O-O 8. Qd2 Nc6 9. O-O-O d5 10. Qe1 e6 11. h4 Qc7 {[#]} 12. Ndb5 $1 {[%csl LRc7,LRd5] White is more active. B76: Sicilian Dragon: Yugoslav Attack, 9 g4 and 9 0-0-0.} Qe7 {[#]} ({Better is} 12... Qb8) {Predecessor:} 13. Bf4 $146 d4 14. Bd6 Qd8 15. Bxf8 Qxf8 16. Nxd4 Nxd4 17. Rxd4 Nd5 18. Rd3 Nxc3 19. Rxc3 Bxc3 20. Qxc3 {1-0 (30) Wang,H (2683)-Pham,C (2377) Ho Chi Minh City 2017} 1/2-1/2

[Event "Al Mahmud Memorial Probashi Chess-ch 202"]
[Site "Dhaka"]
[Date "2022.02.09"]
[Round "5.3"]
[White "Mollah Abdullah, Al Rakib"]
[Black "Sadnan Hasan, Dihan"]
[Result "1/2-1/2"]
[WhiteElo "2426"]
[BlackElo "2152"]
[Annotator "TA"]
[PlyCount "36"]
[EventDate "2022.02.06"]
[EventCountry "BAN"]
[SourceTitle "playchess.com"]
[Source "ChessBase"]
[SourceQuality "1"]

{[%evp 17,19,16,25,14]} 1. Nf3 Nf6 2. g3 b6 3. Bg2 Bb7 4. b3 g6 5. Bb2 Bg7 6. O-O O-O 7. c4 c5 8. d4 cxd4 9. Qxd4 Nc6 10. Qf4 {[#] A rather calm draw. A30: Symmetrical English: Double Fianchetto and Hedgehog.} {Predecessor:} d5 $146 11. Rd1 Qc8 12. Nc3 Nh5 13. Qh4 Bf6 14. Qh3 dxc4 15. Rac1 cxb3 16. axb3 Qxh3 17. Bxh3 Rfd8 18. Rxd8+ Rxd8 {0-1 (30) Moussard,J (2608)-Duda,J (2734) chess24.com INT 2020} 1/2-1/2

[Event "Al Mahmud Memorial Probashi Chess-ch 202"]
[Site "Dhaka"]
[Date "2022.02.09"]
[Round "5.4"]
[White "Nayem, Haque"]
[Black "Manon, Reja Neer"]
[Result "1-0"]
[WhiteElo "2150"]
[BlackElo "2209"]
[Annotator "TA"]
[PlyCount "93"]
[EventDate "2022.02.06"]
[EventCountry "BAN"]
[SourceTitle "playchess.com"]
[Source "ChessBase"]
[SourceQuality "1"]

{[%evp 10,93,12,9,22,17,29,28,22,35,57,50,80,35,44,31,52,18,328,317,318,286,277,278,328,315,352,204,357,302,302,302,308,290,297,274,277,285,373,373,373,373,373,373,373,373,366,366,365,358,322,301,322,259,252,224,224,224,452,224,485,477,387,297,489,489,481,471,795,793,785,743,736,714,916,210,906,895,881,852,2261,2170,1935,1793,1793,1470]} 1. e4 c6 2. d4 d5 3. e5 Bf5 4. Nd2 e6 5. Nb3 Nd7 6. Nf3 Ne7 {B12: Caro-Kann: Advance Variation.} 7. Be2 h6 8. O-O Bh7 {White has an edge.} 9. Bd2 Qc7 {[#]} 10. Re1 $146 ({Predecessor:} 10. Rc1 Nc8 11. Ba5 Ncb6 12. Bd3 Bxd3 13. cxd3 Be7 14. Ne1 O-O 15. f4 Qc8 16. Kh1 {½-½ (30) Grigoriants,S (2564)-Howell,D (2655) Caleta 2017}) 10... O-O-O 11. c4 ({Better is} 11. Rc1 $16) 11... dxc4 $14 12. Bxc4 Nb6 13. Ba5 Nxc4 $2 {[%mdl 8192] This costs Black the game.} 14. Bxc7 $18 Kxc7 15. Qc1 Nb6 16. a4 {[%cal Ba2a4,Ba4a5][%mdl 32]} Ned5 17. a5 Nd7 18. Nc5 (18. a6 $142 b6 19. Nfd2) 18... Be7 $2 (18... Nb4 {is a better defense.} 19. Qc3 Nxc5) 19. Qc4 Nxc5 20. dxc5 a6 21. Rad1 Rd7 22. Nd4 Rhd8 23. b4 Nf4 {[%cal Of4d3] [#]} 24. Nb5+ $1 {[%mdl 512]} axb5 25. Rxd7+ Rxd7 26. Qxf4 Bg5 27. Qf3 Bd2 28. Rd1 Bc2 {[#]} 29. Rxd2 Rxd2 {[%mdl 4096] Endgame KQ-KRB} 30. h3 ({Not} 30. Qxf7+ $2 Rd7 31. Qh5 Rd1+ 32. Qxd1 Bxd1 $19) 30... Rd7 31. Qg3 Bg6 32. a6 bxa6 {[%cal Oa6a5] [#]} 33. Qa3 Kb7 $2 (33... Rd1+ 34. Kh2 Rd8 35. Qxa6 Rc8 36. Qa7+ Kd8) 34. Qa5 (34. f3 $142 Bd3 35. Qa5) 34... Rc7 $2 (34... Rd1+ $2 35. Kh2 Be4 36. f3 $18) (34... Be4 35. f3 Bd5 36. Qb6+ Kc8 37. Qxa6+ Kb8) 35. Qb6+ Kc8 36. Qxa6+ Kd7 $2 (36... Kb8 37. Qb6+ Kc8 38. Qa6+ Kb8 39. Qb6+ Kc8) 37. f3 Bc2 38. h4 Bb3 (38... h5 $142 39. Qa8 Rc8) 39. Qa8 Rc8 40. Qb7+ Rc7 41. Qb8 Rc8 42. Qd6+ Ke8 43. Qd3 {White is clearly winning.} Bc4 44. Qh7 {Qg8+ is the strong threat.} g6 45. Qg8+ Kd7 46. Qxf7+ Kd8 47. Qxg6 {Weighted Error Value: White=0.22 (precise) /Black=0.59} 1-0

[Event "Al Mahmud Memorial Probashi Chess-ch 202"]
[Site "Dhaka"]
[Date "2022.02.09"]
[Round "5.5"]
[White "Ahmed, Sheikh Nasir"]
[Black "Arpan, Das (Jr)"]
[Result "1/2-1/2"]
[WhiteElo "2168"]
[BlackElo "2155"]
[Annotator "TA"]
[PlyCount "64"]
[EventDate "2022.02.06"]
[EventCountry "BAN"]
[SourceTitle "playchess.com"]
[Source "ChessBase"]
[SourceQuality "1"]

{[%evp 14,64,31,28,12,13,40,19,16,11,20,16,21,8,21,0,0,0,0,-22,-6,-29,-52,-50,-27,-29,-10,-41,-47,-68,-85,-62,-66,-114,-109,-130,-130,-225,-225,-238,-70,-70,-74,-70,0,0,0,0,0,0,0,0,0]} 1. e4 c6 2. d4 d5 3. Nc3 dxe4 4. Nxe4 Nf6 5. Nxf6+ exf6 6. c3 Bd6 7. Bd3 O-O 8. Qc2 {Active counter play!} Re8+ {B15: Caro-Kann: 3 Nc3: 3...g6 and 3...dxe4 4 Nxe4 Nf6 5 Nxf6+ exf6.} 9. Ne2 h5 (9... f5 $5) 10. Be3 Nd7 11. O-O-O Nf8 12. Kb1 Be6 13. c4 {[%cal Bc3c4,Bc4c5][%mdl 32]} Rc8 {[%cal Ob7b5]} 14. Rhe1 b5 15. c5 {[#]} Bb8 $146 ({Predecessor:} 15... Bc7 16. Nf4 Bxf4 17. Bxf4 Bxa2+ 18. Kc1 Bd5 19. Rxe8 Qxe8 20. f3 Ne6 21. Bd6 Nxd4 {0-1 (40) Park,E (2169)-Santos Latasa,J (2588) ICC INT 2020}) 16. b3 a5 17. Nf4 Bxf4 18. Bxf4 Qd7 {[%cal Of8g6]} (18... Ng6 $5 {[%cal Rg6f4]} 19. Bd6 (19. Bxg6 fxg6 20. Kb2 Qd5 $15) 19... Qd7 $11) 19. Bd6 Ng6 20. Qd2 (20. Rxe6 $5 Rxe6 21. Bf5 $11) 20... a4 21. bxa4 bxa4 22. Ka1 Ne7 23. Rb1 (23. Bb1 $15) 23... Nf5 $17 24. Bxf5 Bxf5 25. Rxe8+ (25. Rbc1 $17) 25... Rxe8 $19 26. Rb4 Qa7 {[#]} (26... a3 $19 27. Rb3 Bg6) 27. a3 $1 $15 Qa6 28. Qd1 {[%csl LRa4,LRh5] Prevents Qf1.} Re2 (28... Qc8 $15) 29. Rxa4 $11 {The position is equal.} Qb5 {[%csl Ge2][%cal Rb5b2] [#]} (29... Qb7 $5 30. Rb4 Qa6 $11) 30. Rb4 {To avoid Qb2+} Qa6 {[%cal Ra6a3]} 31. Ra4 Qb5 {[%csl Ge2][%cal Rb5b2]} (31... Qb7 $5 32. Rb4 Qa6 33. Ra4 $11) 32. Rb4 {Inhibits Qb2+.} Qa6 {Weighted Error Value: White=0.11 (very precise) /Black=0.18 (very precise)} 1/2-1/2

[Event "Al Mahmud Memorial Probashi Chess-ch 202"]
[Site "Dhaka"]
[Date "2022.02.09"]
[Round "5.6"]
[White "Zia, Tahsin Tajwar"]
[Black "Gias Uddin, Ahmed"]
[Result "1-0"]
[WhiteElo "2283"]
[BlackElo "1801"]
[Annotator "TA"]
[PlyCount "58"]
[EventDate "2022.02.06"]
[EventCountry "BAN"]
[SourceTitle "playchess.com"]
[Source "ChessBase"]
[SourceQuality "1"]

{[%evp 15,58,58,95,77,92,86,100,63,73,66,61,36,45,56,64,39,36,21,37,43,40,29,32,20,50,49,81,78,72,65,320,281,299,306,538,532,545,562,553,532,504,491,493,491,29999]} 1. d4 d6 2. Nf3 Nf6 3. c4 c5 4. d5 e5 5. Nc3 Be7 6. e4 Nbd7 7. Bd3 O-O 8. h3 Ne8 9. Qc2 {A56: Czech Benoni.} a6 10. Be3 Rb8 11. a4 {White is better.} b6 {[#]} 12. g4 $146 {[%cal Bg2g4,Bg4g5][%mdl 32]} ({Predecessor:} 12. O-O g6 13. Kh2 Ng7 14. Bh6 Nf6 15. Rfb1 a5 16. Rg1 Kh8 17. g4 Ng8 18. Qd2 Nxh6 19. Qxh6 {1-0 (44) Melnichenko,A (2219)-Opinca,S (2073) Kishinev 2007}) 12... Ndf6 13. Ne2 Bd7 14. Ng3 {aiming for g5.} Kh8 15. g5 Ng8 16. h4 {[%cal Bh3h4,Bh4h5][%mdl 32]} b5 17. axb5 axb5 18. cxb5 {[%cal Ob2b4]} Bxb5 19. Bxb5 Rxb5 20. h5 $1 $36 {[%mdl 2048] White fights for an advantage.} Ra5 21. Rxa5 Qxa5+ 22. Kf1 g6 $2 {[%mdl 8192] A mistake that costs the game.} ({Better is} 22... h6 $14) 23. Nh4 $18 {Black must now prevent hxg6. Active counter play!} Kg7 24. Qe2 Nc7 $2 (24... Bd8 {was called for.} 25. Qg4 Ne7) 25. Qg4 {White is clearly winning.} Qa6+ 26. Kg2 Qc8 {[#] To avoid Ngf5+} 27. Ngf5+ $1 {[%mdl 512]} gxf5 28. Nxf5+ Kh8 {[#]} 29. g6 $1 {[%csl Gf5][%cal Rg6g7]} Qd8 {Weighted Error Value: White=0.06 (flawless) /Black=0.48} (29... h6 $18 30. g7+ Kh7 31. gxf8=B Qxf8) 1-0

[Event "Al Mahmud Memorial Probashi Chess-ch 202"]
[Site "Dhaka"]
[Date "2022.02.09"]
[Round "5.7"]
[White "Noshin, Anjum"]
[Black "Mehdi Hasan Parag"]
[Result "0-1"]
[WhiteElo "2017"]
[BlackElo "2258"]
[Annotator "TA"]
[PlyCount "90"]
[EventDate "2022.02.06"]
[EventCountry "BAN"]
[SourceTitle "playchess.com"]
[Source "ChessBase"]
[SourceQuality "1"]

{[%evp 20,90,18,16,6,0,29,17,25,26,37,29,25,27,27,13,9,0,0,0,0,0,27,0,0,0,0,-44,-13,-131,-51,-41,-44,-35,-35,-95,-33,-19,-27,-33,-16,-40,-33,-49,-50,-49,-10,-48,-55,-54,-62,-72,-54,-233,-235,-326,-332,-401,-397,-384,-378,-362,0,-537,-502,-1128,-996,-29977,-29976,-29972,-29973,-2075,-1719]} 1. e4 e5 2. Nf3 Nc6 3. Bb5 a6 4. Ba4 Nf6 5. O-O Be7 6. Re1 b5 7. Bb3 O-O 8. a4 Bb7 9. d3 d6 10. c3 {[%cal Bc2c3,Bc3d4][%mdl 32]} Na5 11. Bc2 c5 $1 {C88: Closed Ruy Lopez: Anti-Marshall Systems.} 12. d4 cxd4 13. cxd4 Nc6 {The position is equal.} 14. Nc3 {[%cal Bb1c3,Bc3e2,Be2g3][%mdl 32] [#]} b4 $146 ({Predecessor:} 14... exd4 15. Nxd4 b4 16. Nce2 Re8 17. Nxc6 Bxc6 18. Nd4 Bd7 19. h3 Rc8 20. Qd3 a5 {1-0 (28) Vajda,S (2359)-Seyfried,C (2137) Caleta 2016}) 15. Ne2 a5 16. Ng3 Rc8 17. Bb3 Nxd4 18. Nxd4 exd4 19. Qxd4 d5 20. e5 Bc5 21. Qd1 (21. Qf4 $5 {[%cal Re5f6]} Ne4 22. Nxe4 dxe4 23. Rd1 $11) 21... Ne4 22. Nxe4 dxe4 23. Qxd8 (23. e6 $11 {might be stronger.} fxe6 24. Bxe6+ Kh8 25. Be3 Bxe3 26. fxe3) 23... Rcxd8 24. Bc2 {[#]} (24. e6 $11 fxe6 25. Be3 Bxe3 26. Bxe6+ Kh8 27. fxe3) 24... Bd4 (24... h6 $1 $17 25. Rb1 Rfe8) 25. Bxe4 $15 Bxe4 26. Rxe4 Bxe5 {( -> ...Rd1+)} 27. Re1 {Prevents Rd1.} ({White should try} 27. Kf1 $15 Rd1+ 28. Re1 Rxe1+ 29. Kxe1) 27... f6 {Black is more active.} (27... Rd5 $17) 28. Rb1 Rd3 {And now ...Rc8 would win.} 29. Be3 Rb3 30. Re2 Rd8 {[%cal Ob3b2]} 31. g3 Rd5 32. Kg2 f5 33. f4 Bf6 34. Bf2 Kf7 35. Rc2 h6 36. h4 $2 {[#]} (36. Kf1 $15) 36... Kg6 $19 37. Re2 Kh5 38. Be3 Kg4 39. Bf2 Rdd3 40. Kh2 Rd5 $2 (40... Bd4 $19 {Strongly threatening ...Bxf2.} 41. Be1 Re3) 41. Rc2 {[%mdl 8192]} (41. Kg2 $11 Rdd3 42. Kf1) 41... Rbd3 42. Re1 (42. b3 $142 Rf3 43. Re2) 42... Rd2 43. Re2 Rxe2 44. Rxe2 Kf3 45. Rc2 b3 {Weighted Error Value: White=0.75/Black=0.19 (very precise)} 0-1